Calendarium Archi-Dioecesanum Cleri Strigoniensis

Bibliographic Details
Format: Journal
Language:Latin
PhysicalDescription:zv.
Published: Tyrnaviae Collegii Academici S. Jesu 1762-1813
Subjects:

MARC

LEADER 00000cas a2200000 a 4500
001 vtls009087494
003 SK-MaSNL
005 20260228160250.0
008 070816d17621813xo ar|p 0 b0lat
040 |a SNK  |b slo  |c SNK  |e AACR2 
041 0 |a lat 
044 |a xo  |c SK 
080 |a 050  |2 2001 
080 |a (059)  |2 2011 
245 0 0 |a Calendarium Archi-Dioecesanum Cleri Strigoniensis 
260 |a Tyrnaviae  |b Collegii Academici S. Jesu  |c 1762-1813 
300 |a zv. 
310 |a 1x ročne 
362 0 |a 1763-1765 ; 1767-1769 ; 1771-1783 ; 1785-1801 ; 1804-1805 ; 1807 ; 1809-1810 ; 1812-1814 
655 7 |a kalendáre  |2 SNKPH  |9 70450 
752 |a Slovensko  |d Trnava 
910 |a snk 
999 |c 2006  |d 3936 
952 |0 0  |1 0  |4 0  |7 0  |8 5  |a SNK  |b SNK  |d 2009-04-21  |i snkF 4485/80  |l 0  |o snkČSE 40/1778 D1  |p 17A0616622  |r 2026-02-21 19:42:09  |w 2026-02-21  |y PREZ 
952 |0 0  |1 0  |4 0  |7 0  |8 5  |a SNK  |b SNK  |d 2009-04-21  |i snkF 287/76  |l 0  |o snkČSE 40/1788 D1  |p 17A0616603  |r 2026-02-21 19:42:09  |w 2026-02-21  |y PREZ 
952 |0 0  |1 0  |4 0  |7 0  |8 5  |a SNK  |b SNK  |d 2009-04-21  |i snkF 4487/80  |l 0  |o snkČSE 40/1790 D1  |p 17A0616628  |r 2026-02-21 19:42:09  |w 2026-02-21  |y PREZ 
952 |0 0  |1 0  |4 0  |7 0  |8 5  |a SNK  |b SNK  |d 2009-04-21  |i snkF 289/76  |l 0  |o snkČSE 40/1793 D1  |p 17A0616613  |r 2026-02-21 19:42:09  |w 2026-02-21  |y PREZ 
952 |0 0  |1 0  |4 0  |7 0  |8 5  |a SNK  |b SNK  |d 2009-04-21  |i snkF 760/84  |l 0  |o snkČSE 40/1794 D2  |p 17A0616602  |r 2026-02-21 19:42:10  |w 2026-02-21  |y PREZ 
952 |0 0  |1 0  |4 0  |7 0  |8 5  |a SNK  |b SNK  |d 2009-04-21  |i snkF 291/76  |l 0  |o snkČSE 40/1797 D1  |p 17A0616604  |r 2026-02-21 19:42:10  |w 2026-02-21  |y PREZ 
952 |0 0  |1 0  |4 0  |7 0  |a SNK  |b SNK  |d 2007-08-16  |l 0  |o snkČSE 40/1772  |p 17A0546083  |r 2026-02-21 20:07:27  |w 2026-02-21  |y PREZ 
952 |0 0  |1 0  |4 0  |7 0  |8 5  |a SNK  |b SNK  |d 2007-08-16  |i snkF 286/76  |l 0  |o snkČSE 40/1798  |p 17A0654793  |r 2026-02-21 20:14:44  |w 2026-02-21  |y PREZ 
952 |0 0  |1 0  |4 0  |7 0  |8 5  |a SNK  |b SNK  |d 2007-08-16  |i snkF 279/76  |l 0  |o snkČSE 40/1791  |p 17A0546095  |r 2026-02-21 20:16:01  |w 2026-02-21  |y PREZ 
952 |0 0  |1 0  |4 0  |7 0  |8 5  |a SNK  |b SNK  |d 2007-08-16  |i snkF 267/76  |l 0  |o snkČSE 40/1779  |p 17A0546080  |r 2026-02-21 20:29:00  |w 2026-02-21  |y PREZ 
952 |0 0  |1 0  |4 0  |7 0  |8 5  |a SNK  |b SNK  |d 2012-04-17  |i snkF 1428/82  |l 0  |o snkČSE 40/1797 D1  |p 17A7632844  |r 2026-02-21 20:30:09  |w 2026-02-21  |y PREZ 
952 |0 0  |1 0  |4 0  |7 0  |8 5  |a SNK  |b SNK  |d 2007-08-16  |i snkF 4492/80  |l 0  |o snkČSE 40/1799  |p 17A0557207  |r 2026-02-21 21:00:42  |w 2026-02-21  |y PREZ 
952 |0 0  |1 0  |4 0  |7 0  |8 5  |a SNK  |b SNK  |d 2007-08-16  |i snkF 4493/80  |l 0  |o snkČSE 40/1800  |p 17A0546234  |r 2026-02-21 21:00:42  |w 2026-02-21  |y PREZ 
952 |0 0  |1 0  |4 0  |7 0  |8 5  |a SNK  |b SNK  |d 2007-08-16  |i snkF 4494/80  |l 0  |o snkČSE 40/1801  |p 17A0654968  |r 2026-02-21 21:00:42  |w 2026-02-21  |y PREZ 
952 |0 0  |1 0  |4 0  |7 0  |8 5  |a SNK  |b SNK  |d 2007-08-16  |i snkF 4495/80  |l 0  |o snkČSE 40/1804  |p 17A0654788  |r 2026-02-21 21:00:42  |w 2026-02-21  |y PREZ 
952 |0 0  |1 0  |4 0  |7 0  |8 5  |a SNK  |b SNK  |d 2007-08-16  |i snkF 4496/80  |l 0  |o snkČSE 40/1805  |p 17A0654789  |r 2026-02-21 21:00:42  |w 2026-02-21  |y PREZ 
952 |0 0  |1 0  |4 0  |7 0  |8 5  |a SNK  |b SNK  |d 2007-08-16  |i snkF 4497/80  |l 0  |o snkČSE 40/1807  |p 17A0553503  |r 2026-02-21 21:00:42  |w 2026-02-21  |y PREZ 
952 |0 0  |1 0  |4 0  |7 0  |8 5  |a SNK  |b SNK  |d 2007-08-16  |i snkF 2079/76  |l 0  |o snkČSE 40/1809  |p 17A0542015  |r 2026-02-21 21:00:42  |w 2026-02-21  |y PREZ 
952 |0 0  |1 0  |4 0  |7 0  |8 5  |a SNK  |b SNK  |d 2007-08-16  |i snkF 4498/80  |l 0  |o snkČSE 40/1812  |p 17A0654997  |r 2026-02-21 21:00:42  |w 2026-02-21  |y PREZ 
952 |0 0  |1 0  |4 0  |7 0  |8 5  |a SNK  |b SNK  |d 2007-08-16  |i snkF 265/76  |l 0  |o snkČSE 40/1763  |p 17A0546088  |r 2026-02-21 21:00:51  |w 2026-02-21  |y PREZ 
952 |0 0  |1 0  |4 0  |7 0  |8 5  |a SNK  |b SNK  |d 2007-08-16  |i snkF 272/76  |l 0  |o snkČSE 40/1767  |p 17A0546087  |r 2026-02-21 21:00:51  |w 2026-02-21  |y PREZ 
952 |0 0  |1 0  |4 0  |7 0  |8 5  |a SNK  |b SNK  |d 2007-08-16  |i snkF 273/76  |l 0  |o snkČSE 40/1768  |p 17A0546086  |r 2026-02-21 21:00:51  |w 2026-02-21  |y PREZ 
952 |0 0  |1 0  |4 0  |7 0  |8 5  |a SNK  |b SNK  |d 2007-08-16  |i snkF 274/76  |l 0  |o snkČSE 40/1769  |p 17A0546085  |r 2026-02-21 21:00:53  |w 2026-02-21  |y PREZ 
952 |0 0  |1 0  |4 0  |7 0  |8 5  |a SNK  |b SNK  |d 2007-08-16  |i snkF 275/76  |l 0  |o snkČSE 40/1771  |p 17A0546084  |r 2026-02-21 21:00:53  |w 2026-02-21  |y PREZ 
952 |0 0  |1 0  |4 0  |7 0  |8 5  |a SNK  |b SNK  |d 2007-08-16  |i snkČSF 426/56  |l 0  |o snkČSE 40/1773  |p 17A0546082  |r 2026-02-21 21:00:53  |w 2026-02-21  |y PREZ 
952 |0 0  |1 0  |4 0  |7 0  |8 5  |a SNK  |b SNK  |d 2007-08-16  |i snkF 276/76  |l 0  |o snkČSE 40/1775  |p 17A0546081  |r 2026-02-21 21:00:53  |w 2026-02-21  |y PREZ 
952 |0 0  |1 0  |4 0  |7 0  |8 5  |a SNK  |b SNK  |d 2007-08-16  |i snkF 277/76  |l 0  |o snkČSE 40/1776  |p 17A0542760  |r 2026-02-21 21:00:53  |w 2026-02-21  |y PREZ 
952 |0 0  |1 0  |4 0  |7 0  |8 5  |a SNK  |b SNK  |d 2007-08-16  |i snkF 4491/80  |l 0  |o snkČSE 40/1777  |p 17A0542759  |r 2026-02-21 21:11:30  |w 2026-02-21  |y PREZ 
952 |0 0  |1 0  |4 0  |7 0  |8 5  |a SNK  |b SNK  |d 2007-08-16  |i snkF 266/76  |l 0  |o snkČSE 40/1778  |p 17A0542757  |r 2026-02-21 21:11:30  |w 2026-02-21  |y PREZ 
952 |0 0  |1 0  |4 0  |7 0  |8 5  |a SNK  |b SNK  |d 2007-08-16  |i snkF 268/76  |l 0  |o snkČSE 40/1782  |p 17A0542826  |r 2026-02-21 21:11:30  |w 2026-02-21  |y PREZ 
952 |0 0  |1 0  |4 0  |7 0  |a SNK  |b SNK  |d 2007-08-16  |l 0  |o snkČSE 40/1783  |p 17A0542825  |r 2026-02-21 21:11:30  |w 2026-02-21  |y PREZ 
952 |0 0  |1 0  |4 0  |7 0  |8 5  |a SNK  |b SNK  |d 2007-08-16  |i snkF 269/76  |l 0  |o snkČSE 40/1786  |p 17A0542824  |r 2026-02-21 21:11:30  |w 2026-02-21  |y PREZ 
952 |0 0  |1 0  |4 0  |7 0  |8 5  |a SNK  |b SNK  |d 2007-08-16  |i snkF 270/76  |l 0  |o snkČSE 40/1787  |p 17A0542823  |r 2026-02-21 21:11:30  |w 2026-02-21  |y PREZ 
952 |0 0  |1 0  |4 0  |7 0  |8 5  |a SNK  |b SNK  |d 2007-08-16  |i snkF 271/76  |l 0  |o snkČSE 40/1788  |p 17A0654065  |r 2026-02-21 21:11:30  |w 2026-02-21  |y PREZ 
952 |0 0  |1 0  |4 0  |7 0  |8 5  |a SNK  |b SNK  |d 2007-08-16  |i snkČSF 596/57  |l 0  |o snkČSE 40/1789  |p 17A0546097  |r 2026-02-21 21:11:30  |w 2026-02-21  |y PREZ 
952 |0 0  |1 0  |4 0  |7 0  |8 5  |a SNK  |b SNK  |d 2007-08-16  |i snkF 278/76  |l 0  |o snkČSE 40/1790  |p 17A0546096  |r 2026-02-21 21:11:30  |w 2026-02-21  |y PREZ 
952 |0 0  |1 0  |4 0  |7 0  |8 5  |a SNK  |b SNK  |d 2007-08-16  |i snkF 280/76  |l 0  |o snkČSE 40/1792  |p 17A0557191  |r 2026-02-21 21:11:30  |w 2026-02-21  |y PREZ 
952 |0 0  |1 0  |4 0  |7 0  |8 5  |a SNK  |b SNK  |d 2007-08-16  |i snkF 281/76  |l 0  |o snkČSE 40/1793  |p 17A0654166  |r 2026-02-21 21:11:31  |w 2026-02-21  |y PREZ 
952 |0 0  |1 0  |4 0  |7 0  |8 5  |a SNK  |b SNK  |d 2007-08-16  |i snkF 282/76  |l 0  |o snkČSE 40/1794  |p 17A0654167  |r 2026-02-21 21:11:31  |w 2026-02-21  |y PREZ 
952 |0 0  |1 0  |4 0  |7 0  |8 5  |a SNK  |b SNK  |d 2007-08-16  |i snkF 283/76  |l 0  |o snkČSE 40/1795  |p 17A0546079  |r 2026-02-21 21:11:31  |w 2026-02-21  |y PREZ 
952 |0 0  |1 0  |4 0  |7 0  |8 5  |a SNK  |b SNK  |d 2007-08-16  |i snkF 285/76  |l 0  |o snkČSE 40/1796  |p 17A0542537  |r 2026-02-21 21:11:31  |w 2026-02-21  |y PREZ 
952 |0 0  |1 0  |4 0  |7 0  |8 5  |a SNK  |b SNK  |d 2007-08-16  |i snkF 284/76  |l 0  |o snkČSE 40/1797  |p 17A0654165  |r 2026-02-21 21:11:31  |w 2026-02-21  |y PREZ 
952 |0 0  |1 0  |4 0  |7 0  |8 5  |a SNK  |b SNK  |d 2009-04-21  |i snkF 4490/80  |l 0  |o snkČSE 40/1798 D1  |p 17A0616629  |r 2026-02-21 21:42:44  |w 2026-02-21  |y PREZ 
952 |0 0  |1 0  |4 0  |7 0  |8 5  |a SNK  |b SNK  |d 2016-03-22  |i snkF 2080/76  |l 0  |o snkČSE 40/1777 D1  |p 17A1150036  |r 2026-02-21 22:09:04  |w 2026-02-21  |y PREZ 
952 |0 0  |1 0  |4 0  |7 0  |8 5  |a SNK  |b SNK  |d 2016-03-23  |i snkF 290/76  |l 0  |o snkČSE 40/1795 D1  |p 17A1150033  |r 2026-02-21 22:09:07  |w 2026-02-21  |y PREZ 
952 |0 0  |1 0  |4 0  |7 0  |8 5  |a SNK  |b SNK  |d 2016-03-23  |i snkF 4486/80  |l 0  |o snkČSE 40/1782 D1  |p 17A1150045  |r 2026-02-21 22:09:07  |w 2026-02-21  |y PREZ 
952 |0 0  |1 0  |4 0  |7 0  |8 5  |a SNK  |b SNK  |d 2016-03-23  |i snkF 288/76  |l 0  |o snkČSE 40/1789 D1  |p 17A1150105  |r 2026-02-21 22:09:07  |w 2026-02-21  |y PREZ